| 000 | 01274cam a22003858a 4500 | ||
|---|---|---|---|
| 001 | 14638206 | ||
| 005 | 20201128013527.0 | ||
| 008 | 061117s2007 stk b 001 0 eng | ||
| 010 | _a2006051863 | ||
| 020 | _a0443074577 | ||
| 020 | _a9780443074578 | ||
| 035 | _a(DNLM)101293518 | ||
| 040 |
_aDNLM/DLC _cDLC |
||
| 042 | _apcc | ||
| 050 | 0 | 0 |
_aRT41 _b.N885 2007 |
| 060 | 1 | 0 |
_aWY 100 _bN9736 2007 |
| 082 | 0 | 0 |
_a610.73 _222 _bNUR NR |
| 245 | 0 | 0 |
_aNursing practice : _bHospital and Home : The Adult / _cEdited by Margaret F. Alexander...[et. al.]. |
| 246 | _aThe adult | ||
| 250 |
_a3rd ed. _bReprinted 2007. |
||
| 260 |
_aEdinburgh ; _aNew York : _bElsevier/Churchill Livingstone, _cc2006. |
||
| 263 | _a0710 | ||
| 300 |
_axvii, 1266 p. : _bill.; _c24 cm. |
||
| 500 | _aIncludes index | ||
| 504 | _aIncludes bibliographical references and index. | ||
| 650 | 0 |
_aNursing. _924060 |
|
| 650 | 1 | 2 |
_aNursing _zSouth Africa. _924061 |
| 650 | 2 | 2 |
_aCommunity Health Services _zSouth Africa. _924062 |
| 650 | 2 | 2 |
_aNursing Service, Hospital _zSouth Africa. _924063 |
| 700 | 1 |
_aAlexander, Margaret F. _92169 |
|
| 700 | 1 |
_aFawcett, Josephine N. _912147 |
|
| 700 | 1 |
_aRunciman, Phyllis J. _912148 |
|
| 942 |
_2ddc _cNRB |
||
| 999 |
_c10905 _d10905 |
||